Gossip Girl characters - Sudden Death - Statistics

General Stats
  • This quiz has been taken 1,136 times
  • The average score is 8 of 9
Answers on the Grid
Answers color-coded by a green-red scale on the quiz's grid according to % correct below.
Chuck Bass
Nathaniel Archibald
Blair Waldorf
Georgina Sparks
Jennifer Humphrey
Vanessa Abrams
Juliet Sharp
Eric Van Der Woodsen
Carter Baizen
April Kepner
Spencer Hastings
Hanna Marin
Ezra Fitz
Lawrence Kutner
Susan Lewis
Doug Ross
Alison DiLaurentis
Bonnie Bennett
Jeremy Gilbert
Tyler Lockwood
Skyler White
Jesse Pinkman
Todd Alquist
Kaitlyn Meade
Edwin Mullins
Carrie Roman
Cruz Manuelos
Julian Lynn
 
Answer Stats
Answer % Correct
Chuck Bass
89%
Nathaniel Archibald
89%
Blair Waldorf
88%
Eric Van Der Woodsen
87%
Georgina Sparks
86%
Jennifer Humphrey
86%
Vanessa Abrams
85%
Carter Baizen
79%
Juliet Sharp
67%
No matching quizzes found
Score Distribution
Percent of People with Each Score
Percentile by Number Answered
Your Score History
You have not taken this quiz